000 00404nam a2200169Ia 4500
003 GCL
008 140319s9999 xx 000 0 eng d
040 _aGCL /
_cGCL
082 0 4 _a843
_bC A
100 1 _aCONRAD, JOSEPH
245 1 0 _aL'AVENTURE /
_cCONRAD, JOSEPH
260 _a[S.N] :
_bFAYARD ،
_c1978
300 _a466 P
650 0 4 _aLITERATURE
650 0 4 _aFRENCH LITERATURE
942 _2ddc
_cBK
999 _c21520
_d21520